Vplyv duševného vlastníctva na ekonomiku podniku diplomová práca

Enregistré dans:
Détails bibliographiques
Auteur principal: Odzgan, Ivan
Collectivité auteur: Fakulta podnikového manažmentu EU. Katedra podnikovohospodárska
Autres auteurs: Majdúchová, Helena, 1963-
Format: Livre
Langue:slovaque
Publié: Bratislava 2009
Tags: Ajouter un tag
Pas de tags, Soyez le premier à ajouter un tag!

MARC

LEADER 00000nam$a2200000$$$4500
001 0101495
005 20240319130336.0
041 0 |a slo 
044 |a SK 
245 1 0 |a Vplyv duševného vlastníctva na ekonomiku podniku  |b diplomová práca  |c Ivan Odzgan ; škol. Helena Majdúchová 
264 1 |a Bratislava  |c 2009 
300 |a 66 s. 
100 1 |a Odzgan, Ivan 
700 1 |a Majdúchová, Helena, 1963- 
710 2 |a Fakulta podnikového manažmentu EU. Katedra podnikovohospodárska